Stratégia obchodného partnerstva v komercionalizácii produktov zborník z vedeckého seminára
Gespeichert in:
| Körperschaft: | |
|---|---|
| Weitere Verfasser: | , , , |
| Format: | Buch |
| Sprache: | Slowakisch Tschechisch |
| Veröffentlicht: |
Bratislava
Vydavateľstvo EKONÓM
2001
|
| Schlagworte: | |
| Tags: |
Keine Tags, Fügen Sie das erste Tag hinzu!
|
MARC
| LEADER | 00000nam$a2200000$$$4500 | ||
|---|---|---|---|
| 001 | 0024649 | ||
| 005 | 20231019104837.2 | ||
| 020 | |a 80-225-1372-5 | ||
| 041 | 0 | |a slo | |
| 041 | 0 | |a cze | |
| 044 | |a SK | ||
| 245 | 1 | 0 | |a Stratégia obchodného partnerstva v komercionalizácii produktov |b zborník z vedeckého seminára |c zostavili: Antónia Štensová, Kornélia Richterová |
| 264 | 1 | |a Bratislava |b Vydavateľstvo EKONÓM |c 2001 | |
| 300 | |a 76 s. | ||
| 610 | 2 | 0 | |a partneri obchodní |
| 610 | 2 | 0 | |a kanály distribučné |
| 610 | 2 | 0 | |a zmluvy obchodné |
| 610 | 2 | 0 | |a vzťahy obchodné |
| 610 | 2 | 0 | |a marketing |
| 610 | 2 | 0 | |a franchising |
| 610 | 2 | 0 | |a kooperácia |
| 700 | 1 | |a Štensová, Antónia | |
| 700 | 1 | |a Richterová, Kornélia | |
| 700 | 1 | |a Labská, Helena | |
| 700 | 1 | |a Drahovský, Ľubomír | |
| 710 | 2 | |a Obchodná fakulta EU. Katedra marketingu | |